Obálka Náhled e-knihy:
PDF
Pro půjčování e-knih musíte být přihlášeni.
Jak si půjčit online?

Bohemian royals. 3, Hlava, nebo orel /

Třetí kniha románové série z alternativního českého království.

Uloženo v:
Série:Bohemian royals, část 3
Hlavní autor: Valenová, Lena (Autor)
Médium: E-kniha
Jazyk:Czech
Vydáno: V Praze : Pointa, 2024
Vydání:První vydání
Témata:
Příbuzné jednotky:Z cyklu:: Bohemian royals
Tagy:
Žádné tagy
LEADER 02162nam a2200409 i 4500
001 312374
003 CZ PrSKC
005 20260601215721.0
007 ta
008 240503s2024 xr a g 000 f cze
015 |a cnb003603919 
020 |a 9788076914575  |q (vázáno) 
035 |a (OCoLC)1445420782 
040 |a ABG001  |b cze  |e rda 
072 7 |a 821.162.3-3  |x Česká próza  |2 Konspekt 
080 |a 821.162.3-31  |2 MRF 
080 |a (0:82-31)  |2 MRF 
100 1 |a Valenová, Lena  |7 xx0205847  |4 aut 
245 1 0 |a Bohemian royals.  |n 3,  |p Hlava, nebo orel /  |c Lena Valenová 
246 3 0 |a Hlava, nebo orel 
250 |a První vydání 
264 1 |a V Praze :  |b Pointa,  |c 2024 
300 |a 473 stran :  |b ilustrace ;  |c 22 cm 
336 |a text  |b txt  |2 rdacontent 
337 |a bez média  |b n  |2 rdamedia 
338 |a svazek  |b nc  |2 rdacarrier 
520 2 |a Třetí kniha románové série z alternativního českého království.  |b V závěrečném dílu se členové královské rodiny vrací po letních prázdninách na Pražský hrad a společně s nimi přichází nová vlna skandálů, drbů a výzev. Brzy budou muset čelit situaci, která je mnohem vážnější, než se zprvu zdálo, a která ohrožuje samotnou existenci monarchie. Vzepřou se mladí Bohemian Royals nalinkovanému osudu a najdou osobní štěstí? Pořadí narození jim předurčilo životní cestu. Jejich činy budí vášně, jejich slova mají sílu zákona. Za zájmy svého srdce se ale musí naučit bojovat. Nakladatelská anotace. 
546 |a Český text 
655 7 |a české romány  |7 fd133974  |2 czenas 
655 9 |a Czech fiction  |2 eczenas 
787 0 8 |i Z cyklu:  |t Bohemian royals  |g 3 
900 |a ABA001  |b 20 
928 9 |a Albatros Media - Pointa 
044 |a xr 
910 |a RBIT002 
998 |d 404154  |a https://core.palmknihy.cz/api/books/404154/cover?scs8wm  |b https://core.palmknihy.cz/api/books/404154/cover/400?scs8wm  |c https://core.palmknihy.cz/api/books/404154/cover/50?scs8wm  |e 2029-02-14  |g 480  |i 9788076914575  |k https://core.palmknihy.cz/api/books/404154/preview.pdf  |l   |q 49  |r 1  |s https://www.palmknihy.cz/kniha/404154  |t ebook  |y 2024  |z 0  |v Bohemian Royals  |w 3 
999 |d 312372